Osona, Vic : la decadència / la decadència /
Descripción Física:
2 pàgs. ; il. col. ; 29 cm.
Colección:
Arrel : revista editada per la Diputació de Barcelona
; Núm. 13 (febrer, 1986) ; pàgs. 39-40
MARC
| LEADER | 00000nab a2200000 a 4500 | ||
|---|---|---|---|
| 001 | 8161 | ||
| 003 | Arxiu | ||
| 005 | 20260324175952.0 | ||
| 008 | 160829s9999 xx 000 0 cat d | ||
| 100 | |a Mirambell i Abancó, Antoni |9 1540 | ||
| 245 | |a Osona, Vic : |b la decadència / |c Antoni Mirambell | ||
| 260 | |a Barcelona : |b Diputació de Barcelona ; |c 1986 | ||
| 300 | |a 2 pàgs. ; |b il. col. ; |c 29 cm. | ||
| 490 | |a Arrel : revista editada per la Diputació de Barcelona ; |v Núm. 13 (febrer, 1986) ; pàgs. 39-40 |x 0322-562X | ||
| 650 | |a Problemes socials |x Osona |9 42769 | ||
| 650 | 0 | |a Osona |x Condicions socials |9 42770 | |
| 856 | 4 | |u https://media.diba.cat/diba/fitxers/arxiu/hemeroteca/arrel/8161/bib_8161_1984_1986_n05_a10_baixa.pdf |y bib_8161_1984_1986_baixa.pdf | |
| 856 | 4 | ||
| 901 | |a Arxiu | ||
| 942 | |n 1 |2 udc |c Articles de revista | ||
| 952 | |0 0 |1 0 |2 udc |4 0 |6 REV94 |7 1 |9 51026 |a Arxiu |b Arxiu |d 2016-12-01 |o Rev-94 |r 2016-12-01 00:00:00 |w 2016-12-01 |y ARXIU | ||
| 999 | |c 54869 |d 54869 | ||
| 900 | |a bib_8161_1984_1986_n05_a10_baixa.pdf | ||